000
00316nam a22001457a 4500
008
210223b ||||| |||| 00| 0 eng d
020
_a
674896653
041
_a
eng
080
_a
573
082
_a
573
100
_a
11
101
_a
BIO
245
_a
Toward a new Philosphy of Biology
_c
Mayr, E
942
_2
udc
_c
BK
999
_c
55114
_d
55114